000 01086nam a22003731i 4500
999 _c330
_d330
001 020616723
003 UkOxU
005 20190806115006.0
008 160419s2016 enka 001|0|eng|d
015 _aGBB664473
_2bnb
016 7 _a017842357
_2Uk
020 _a9780198375715 (pbk.) :
035 _a(Uk)017842357
040 _aStDuBDS
_beng
_erda
_cStDuBDS
_dUk
042 _aukblsr
082 0 4 _a530 JOH
_223
100 1 _aJohnson, Keith,
_d1938-
_eauthor.
245 1 0 _aPhysics for you :
_bnew edition for all GCSE examinations /
_cKeith Johnson.
250 _aFifth edition.
264 1 _aOxford :
_bOxford University Press,
_c[2016]
300 _a400 pages :
_billustrations (colour)
336 _atext
_2rdacontent
336 _astill image
_2rdacontent
337 _aunmediated
_2rdamedia
338 _avolume
_2rdacarrier
500 _aIncludes index.
500 _aFormerly CIP.
_5Uk
521 2 _aGCSE.
650 0 _aPhysics.
650 0 _aPhysics
_vProblems, exercises, etc.
700 _aHolt, Sue
942 _2ddc
_cNFIC